00673nam a2200181 a 450000100100000000500170001000800410002704000250006808200130009311000510010624500740015726000340023130000200026559000270028571000510031295201110036399900170047400004604620240307073949.0150612s2003 dr 000 0 spa d aDO-SdBNPbspacBNPHU axxxbxxx1 aUniversidad Autónoma de Santo Domingo97295110aReglamento para el consejo directivo de la facultad de humanidades /. aSanto Domingo :bUASD,c2003. a16 p. ;c21 cm. aInventariado, 2019/ YL1 aUniversidad Autónoma de Santo Domingo972951 0010718PDaPDbPDcHDd2015-06-12iLF1l0oxxx xxxp46046-10r2020-06-25w2020-06-25yLFPDZNo se presta c45535d45535